What are wind power, solar power, hydropower, and more.../ (Record no. 59442)

MARC details
000 -LEADER
fixed length control field 01671nam a22002657a 4500
005 - DATE AND TIME OF LATEST TRANSACTION
control field 20111214142540.0
010 ## - LCCN (DPL NO)
LC control number B-483207-211
020 ## - INTERNATIONAL STANDARD BOOK NUMBER
International Standard Book Number 9788179931240
Terms of availability 75.00
035 ## - SYSTEM CONTROL NUMBER
System control number B-483207-211
037 ## - SOURCE OF ACQUISITION
Stock number Blueberry Books/Ven
082 ## - DEWEY DECIMAL CLASSIFICATION NUMBER
Classification number 333.79
245 ## - TITLE STATEMENT
Title What are wind power, solar power, hydropower, and more.../
Statement of responsibility, etc edited by Madhu Singh Sirohi
260 ## - PUBLICATION, DISTRIBUTION, ETC. (IMPRINT)
Place of publication, distribution, etc New Delhi
Name of publisher, distributor, etc Teri Press
Date of publication, distribution, etc 2008
270 ## - ADDRESS
Address Darbari Seth Block, IHC Complex, Lodhi Road
City New Delhi
Postal code 110003
300 ## - PHYSICAL DESCRIPTION
Extent 16p.
Other physical details col.ill
Dimensions 23cm(pbk)
490 ## - SERIES STATEMENT
Series statement Green genius guide/ edited by Pallavi Sah
-- 53385
700 ## - ADDED ENTRY--PERSONAL NAME
Personal name Sirohi, Madhu Singh
9 (RLIN) 36900
942 ## - ADDED ENTRY ELEMENTS (KOHA)
Source of classification or shelving scheme Dewey Decimal Classification
Item type Children Books
Call number suffix WHA
Classification part 333.79
Holdings
Withdrawn status Lost status Not for loan Collection code Home library Current library Date acquired Source of acquisition Cost, normal purchase price Full call number Barcode Copy number Cost, replacement price Koha item type
  Written-off vide DLB M. No. 383 dt 16.05.19   Non-fiction Central Library Central Library 29/10/2012 Blueberry/IN8633/20.4.12/43/20.03.12/19.06.12 75.00 333.79 WHA B-483207 1 75.00 Children Books
      Non-fiction Karol Bagh Karol Bagh 29/10/2012 Blueberry/IN8633/20.4.12/43/20.03.12/19.06.12 75.00 333.79 WHA B-483210 1 75.00 Children Books
      Non-fiction Patel Nagar Patel Nagar 29/10/2012 Blueberry/IN8633/20.4.12/43/20.03.12/19.06.12 75.00 333.79 WHA B-483208 1 75.00 Children Books
      Non-fiction Sarojini Nagar Sarojini Nagar 29/10/2012 Blueberry/IN8633/20.4.12/43/20.03.12/19.06.12 75.00 333.79 WHA B-483209 1 75.00 Children Books
      Non-fiction Shahdara Branch Shahdara Branch 29/10/2012 Blueberry/IN8633/20.4.12/43/20.03.12/19.06.12 75.00 333.79 WHA B-483211 1 75.00 Children Books

© Delhi Public Library
Hit Counter
free hit counter